00689nam a2200229Ia 4500008004100000041001200041082001100053100003600064245002600100260003200126300000800158365000800166520001200174546001200186630002600198650001200224655001200236730002600248942000900274999001900283952015700302101110s9999 xx 000 0 und d aENGLISH bJR5436 aBhosale D.T., Sawant Sunit (Tr) aFootprints of Culture c2006bMacmillan India, Pune a228 b250 aEnglish aENGLISH aFootprints of Culture aEnglish aEnglish aFootprints of Culture cBOOK c796231d796228 00104070aDBJbDBJc36Ad0000-00-00eDonated by Mr. Hussain Dalwai, Mumbai, dt.25/6/07g250.00j4l0pDBJJR5436r2010-11-11 00:00:00w2010-11-11yBOOK